LEADER 00917nam0-2200265 --450 001 9911032876803321 005 20251013100720.0 010 $a979-12-211-1427-0 100 $a20251013d2025----kmuy0itay5050 ba 101 0 $aeng 102 $aIT 105 $a 001yy 200 1 $aTechnological colonization and constitutional dysfunction$ethe role of AI-driven profiling and targeting practices$fNadia Maccabiani 210 $aTorino$cGiappichelli$dc2025 215 $aXII, 142 p.$d24 cm 225 1 $aCollana del Dipartimento di giurisprudenza, Università degli studi di Brescia. I quaderni$v13 676 $a342.085$v23$zita 700 1$aMaccabiani,$bNadia$0480233 801 0$aIT$bUNINA$gREICAT$2UNIMARC 901 $aBK 912 $a9911032876803321 952 $aI E 491$b2025/1338$fFGBC 959 $aFGBC 996 $aTechnological colonization and constitutional dysfunction$94445332 997 $aUNINA